| 000 | 01068nam a22002897a 4500 | ||
|---|---|---|---|
| 005 | 20100412162940.0 | ||
| 008 | 100412t xxu||||| |||| 00| 0 eng d | ||
| 010 | _aENG-96023 | ||
| 020 |
_a9780070701403 _c499.00 |
||
| 020 |
_a0070701407 _c499.00 |
||
| 035 | _aEN-79556 | ||
| 037 | _bDBAD/PUB | ||
| 040 | _aDPL | ||
| 082 | _a620.106 | ||
| 100 |
_aStreeter, Victor L. _q(Victor Lyle), _d1909- |
||
| 245 |
_aFluid mechanics/ _cby Victor L. Streeter, E.Benjamin Wylie and Keith W. Bedford |
||
| 250 | _a9th ed. | ||
| 260 |
_aNew Delhi _bTata McGraw-Hill Education _c2010 |
||
| 270 |
_a7 West Patel Nagar _bNew Delhi _e110008 |
||
| 300 |
_axi, 740 p. _c28 cm.(Pbk) _eill. |
||
| 500 | _aIncludes bibliographical references index. | ||
| 650 | _aFluid mechanics. | ||
| 700 | _aWylie, E. Benjamin | ||
| 700 | _aBedford, Keith W. | ||
| 942 |
_2ddc _cEN _mSTR _h620.106 |
||
| 999 |
_c35240 _d35240 |
||